| Tag |
First Indicator |
Second Indicator |
Subfields |
| LEADER |
00000nam a2200000Ia 4500 |
| 001 |
in00004178921 |
| 005 |
20200807084217.0 |
| 006 |
m g d |
| 007 |
cr bn |||a|bb| |
| 008 |
030717s1550 enk o 000 0 eng d |
| 035 |
|
|
|a (OCoLC)52633245
|
| 040 |
|
|
|a EBK
|e dcrb
|c EBK
|
| 037 |
|
|
|a CL0036000069
|b ProQuest Information and Learning 300 N. Zeeb Rd., Ann Arbor, MI 48103-1553
|
| 090 |
|
|
|a BT732.7
|b .F74
|
| 049 |
|
|
|a UMIA
|
| 100 |
1 |
|
|a Frith, John,
|d 1503-1533.
|
| 245 |
1 |
4 |
|a The preparacyon to the crosse, and howe it must be pacyently borne. :
|b Wyth The preparacion to deeth, and howe they whiche be in poynte of deathe, shoulde be cõforted.
|
| 260 |
|
|
|a Jmprynted at London in Paules churche yarde at y[e] sygne of y[e] mayden head :
|b by Thomas Petyte.,
|c [1550].
|
| 300 |
|
|
|a 1 online resource ([1 volume]
|
| 336 |
|
|
|a text
|b txt
|2 rdacontent
|
| 337 |
|
|
|a computer
|b c
|2 rdamedia
|
| 338 |
|
|
|a online resource
|b cr
|2 rdacarrier
|
| 500 |
|
|
|a Date of publication from STC (2nd edition).
|
| 500 |
|
|
|a Initials.
|
| 500 |
|
|
|a Error in signatures: A₅ printed C₅.
|
| 533 |
|
|
|a Electronic reproduction.
|
| 500 |
|
|
|a Imperfect: faded, with loss of text.
|
| 500 |
|
|
|a Reproduction of original in: Folger Shakespeare Library.
|
| 510 |
4 |
|
|a STC (2nd edition)
|c 11393.5.
|
| 533 |
|
|
|b Ann Arbor, Mich. :
|c UMI,
|d 1999-
|
| 533 |
|
|
|f (Early English books online)
|
| 533 |
|
|
|n Digital version of: (Early English books, 1475-1640 ; 2115:17)
|7 s1999 miun s
|
| 650 |
|
0 |
|a Suffering
|x Religious aspects
|x Christianity
|v Early works to 1800.
|
| 650 |
|
0 |
|a Death
|x Religious aspects
|x Christianity
|v Early works to 1800.
|
| 830 |
|
0 |
|a Early English books online.
|
| 856 |
4 |
0 |
|u http://proxy.library.tamu.edu/login?url=https://search.proquest.com/docview/2240910691
|z Connect to the full text of this electronic book
|t 0
|
| 999 |
f |
f |
|s 7ff6cf31-93bf-35aa-b605-c97978c70a27
|i 711ae42d-6c83-3422-82d3-37e930a3c54e
|t 0
|
| 952 |
f |
f |
|a Texas A&M University
|b College Station
|c Electronic Resources
|d Available Online
|t 0
|e BT732.7 .F74
|h Library of Congress classification
|
| 998 |
f |
f |
|a BT732.7 .F74
|t 0
|l Available Online
|